000 00583nam a22001937a 4500
005 20251108170926.0
008 250721s1980 xx 000 0 ara d
082 1 4 _a813.09/شكر
100 1 _aشكري، غالي
245 1 0 _aمعنى المأساة في الرواية العربية :
_bرحلة العذاب /
250 _aط2
264 1 _aبيروت :
_bدار الآفاق الجديدة،
_c1980.
300 _a286ص
650 1 7 _aالروايات
650 1 7 _aالأدب العربي
650 1 7 _aالنقد الأدبي
942 _2ddc
_cBK
999 _c52284
_d52284